000 00430nam a2200169Ia 4500
008 230711s9999||||xx |||||||||||||| ||und||
020 _a978-7-5356-5605-6
041 _aENG
082 _a720
_bTA-R
100 _aTANGART
245 4 _aThe rise of innovative Architecture
250 _a1st Ed.
260 _c2012
_aNew York
_bTang Art Design & Information Group Limited
300 _a459
650 _aArchitecture
942 _cBK
999 _c5675
_d5675